01209nam a2200325Ia 450000500170000000800350001702000180005210000410007024500750011125000220018630000250020849000480023350000610028150400270034260000520036965000410042165000430046265000320050565000370053765000350057465000390060965000370064870000380068526400260072333600270074933700330077633800280080904000350083708400110087220220317000350.0141031s2013 s 0 sga d s 0p a97884206761421 aBécquer, Gustavo Adolfod1836-187010aRimascGustavo Adolfo Bécquer ; edición de Jesús Rubio Jiménez aSegunda edición a263 páginasc17 cm aEl libro de bolsillo Literatura española aIncluye estudio introductorio a la vida y obra del autor aIncluye bibliografía14aBécquer, Gustavo Adolfod1836-1870vPoesías142LEMBaPoesía españolaySiglo XIX142LEMBaLiteratura españolaySiglo XIX142LEMBaAmor en la literatura142LEMBaFelicidad en la literatura142LEMBaSoledad en la literatura142LEMBaSufrimiento en la literatura142LEMBaEmociones en la literatura1 a Rubio Jiménez, Jesúseeditor aMadridbAlianzac2013 atextobtxt2rdacontent asin mediaciónbn2rdamedia avolumenbnc2rdacarrier aCO-BoRNBPbspaerdacCO-BoRNBP aP BEC3